जनसंचारः बदलते परिप्रेक्ष्य में / (Record no. 32184)

MARC details
000 -LEADER
fixed length control field 01227nam a22002537a 4500
005 - DATE AND TIME OF LATEST TRANSACTION
control field 20091207120749.0
008 - FIXED-LENGTH DATA ELEMENTS--GENERAL INFORMATION
fixed length control field 091207t xxu||||| |||| 00| 0 hin d
010 ## - LCCN (DPL NO)
LC control number HIN-88751
020 ## - INTERNATIONAL STANDARD BOOK NUMBER
Terms of availability 190.00
International Standard Book Number 9788179651650
035 ## - SYSTEM CONTROL NUMBER
System control number HN-61097
037 ## - SOURCE OF ACQUISITION
Source of stock number/acquisition DBAD / PUB
040 ## - CATALOGING SOURCE
Original cataloging agency DPL
Language of cataloging HN
082 ## - DEWEY DECIMAL CLASSIFICATION NUMBER
Classification number 302.2
100 ## - MAIN ENTRY--PERSONAL NAME
Personal name कुन्दरा, बलबीर
245 ## - TITLE STATEMENT
Title जनसंचारः बदलते परिप्रेक्ष्य में /
Statement of responsibility, etc बलबीर कुन्दरा
246 ## - VARYING FORM OF TITLE
Title proper/short title Jansanchar; Badalte Pariprekya Man /
Remainder of title Balbir Kundara
260 ## - PUBLICATION, DISTRIBUTION, ETC. (IMPRINT)
Place of publication, distribution, etc नई दिल्ली
Name of publisher, distributor, etc तक्षशिला प्रकाशन
Date of publication, distribution, etc 2009
270 ## - ADDRESS
Address 98-ए, हिन्दी पार्क, दरियागंज
City नई दिल्ली
Postal code 110002
300 ## - PHYSICAL DESCRIPTION
Extent 342पृ
Dimensions 22सेमी (अजिल्द)
650 ## - SUBJECT ADDED ENTRY--TOPICAL TERM
Topical term or geographic name as entry element जनसंचार
Geographic subdivision भारत
650 ## - SUBJECT ADDED ENTRY--TOPICAL TERM
Topical term or geographic name as entry element Mass communication
Geographic subdivision India
942 ## - ADDED ENTRY ELEMENTS (KOHA)
Source of classification or shelving scheme Dewey Decimal Classification
Item type Hindi Books
Classification part 302.2
Call number suffix कुन्दरा
Holdings
Withdrawn status Lost status Source of classification or shelving scheme Damaged status Not for loan Collection code Home library Current library Date acquired Source of acquisition Cost, normal purchase price Total Checkouts Full call number Barcode Date last seen Copy number Cost, replacement price Koha item type
    Dewey Decimal Classification   Not For Loan Non-fiction D.B.Act.Division D.B.Act.Division 07/12/2009 DBAD / PUB 190.00   302.2 कुन्दरा HN-61097 07/12/2009 1 190.00 Hindi Books

© Delhi Public Library
Hit Counter
free hit counter